Statistieken voor Sierra Leone Trivia Quiz

Klik hier om de quiz te nemen!

Algemene statistieken

  • Deze quiz is 168 keer genomen
  • De gemiddelde score is 11 van 15

Antwoordstatistieken

HintAntwoord% Correct
Officiële taalEngels
95%
Meest voorkomende religieIslam
91%
Aangrenzende landenLiberia
91%
Aangrenzende landenGuinee
88%
Uitbraak van een ziekte waarbij in de periode 2013–2016 3.956 mensen zijn omgekomenEbola
87%
Wat pas in 1928 werd afgeschaftSlavernij
86%
HoofdstadFreetown
82%
Rijk waar het deel van uitmaakte, van 1808 tot 1961Britse Rijk
81%
Met 54,3 jaar heeft Sierra Leone de op vier na laagste ________ van alle landenLevensverwachting
70%
Belangrijkste exportDiamanten
66%
Film uit 2006 over de handel van de hierboven, met in de hoofdrol Leonardo DiCaprioBlood Diamond
56%
Belangrijkste gewasRijst
49%
Betekenis van de naam Sierra LeoneLeeuwenbergen
47%
ValutaLeone
42%
De hoofdstad werd gedeeltelijk opgericht als een plek voor zwarten die vochten aan de loyalistische kant van deze oorlogAmerikaanse revolutie
32%

Scoreverdeling

Percentiel versus Aantal Correcte Antwoorden

Procent van Mensen met Elke Score

Uw Scoregeschiedenis

U heeft deze quiz nog niet genomen